<?xml version="1.0" encoding="UTF-8"?><?xml-stylesheet type="text/xsl" href="static/style.xsl"?><OAI-PMH xmlns="http://www.openarchives.org/OAI/2.0/" xmlns:xsi="http://www.w3.org/2001/XMLSchema-instance" xsi:schemaLocation="http://www.openarchives.org/OAI/2.0/ http://www.openarchives.org/OAI/2.0/OAI-PMH.xsd"><responseDate>2026-04-28T14:41:10Z</responseDate><request verb="GetRecord" identifier="oai:riubu.ubu.es:10259/7506" metadataPrefix="marc">https://riubu.ubu.es/oai/request</request><GetRecord><record><header><identifier>oai:riubu.ubu.es:10259/7506</identifier><datestamp>2023-03-08T01:05:22Z</datestamp><setSpec>com_10259_4201</setSpec><setSpec>com_10259_5086</setSpec><setSpec>com_10259_2604</setSpec><setSpec>col_10259_4505</setSpec></header><metadata><record xmlns="http://www.loc.gov/MARC21/slim" xmlns:doc="http://www.lyncode.com/xoai" xmlns:xsi="http://www.w3.org/2001/XMLSchema-instance" xmlns:dcterms="http://purl.org/dc/terms/" xsi:schemaLocation="http://www.loc.gov/MARC21/slim http://www.loc.gov/standards/marcxml/schema/MARC21slim.xsd">
<leader>00925njm 22002777a 4500</leader>
<datafield tag="042" ind1=" " ind2=" ">
<subfield code="a">dc</subfield>
</datafield>
<datafield tag="720" ind1=" " ind2=" ">
<subfield code="a">Alegre Calderón, Jesús Manuel</subfield>
<subfield code="e">author</subfield>
</datafield>
<datafield tag="720" ind1=" " ind2=" ">
<subfield code="a">Cuesta Segura, Isidoro Iván</subfield>
<subfield code="e">author</subfield>
</datafield>
<datafield tag="720" ind1=" " ind2=" ">
<subfield code="a">Díaz Portugal, Andrés</subfield>
<subfield code="e">author</subfield>
</datafield>
<datafield tag="260" ind1=" " ind2=" ">
<subfield code="c">2022-06</subfield>
</datafield>
<datafield tag="520" ind1=" " ind2=" ">
<subfield code="a">La propagación de fisuras por fatiga iniciadas a partir de defectos internos es uno de los principales mecanismos de  fallo en piezas sometidas a alto número de ciclos (HCF) y muy alto número de ciclos (VHCF). La propagación de estos defectos internos en barras sometidas a esfuerzos de tracción tiende a adquirir una forma circular, independientemente de la forma irregular que presente el defecto iniciador, estableciendo un patrón conocido como fish-eye. Para el estudio de la propagación de este tipo de defectos se presenta en este trabajo un conjunto de ecuaciones que permiten obtener el factor de intensidad de tensiones (FIT) en función de tres parámetros adimensionales (tamaño, posición y relación de aspecto de la fisura). Se presenta también la metodología necesaria para su aplicación al estudio de la propagación de un defecto inicial. Los caminos de propagación calculados son comparados con los obtenidos en ensayos experimentales obteniendo una muy buena predicción</subfield>
</datafield>
<datafield tag="520" ind1=" " ind2=" ">
<subfield code="a">Fatigue crack propagation initiated from internal defects is one of the main mechanisms observed in components created using additive manufacturing techniques, as well as one of the most common mechanisms in high cycle fatigue (HCF). The propagation of these internal defects in round bars subjected to tensile loads tends to a circular shape, regardless of the irregular shape of the initiating defect, establishing a pattern known as fish-eye. In order to study the fatigue crack propagation of this type of defects, a series of closed-form equations are presented which allow the stress intensity factor (SIF) to be obtained in this geometry as a function of three dimensionless parameters (size, position and aspect ratio). The methodology necessary for its application to the study of fatigue crack propagation is also presented. The propagation paths calculated are compared with those obtained in experimental tests, obtaining a very good prediction.</subfield>
</datafield>
<datafield tag="024" ind2=" " ind1="8">
<subfield code="a">2792-4246</subfield>
</datafield>
<datafield tag="024" ind2=" " ind1="8">
<subfield code="a">http://hdl.handle.net/10259/7506</subfield>
</datafield>
<datafield ind1=" " ind2=" " tag="653">
<subfield code="a">Fatiga</subfield>
</datafield>
<datafield ind1=" " ind2=" " tag="653">
<subfield code="a">Factor de intensidad de tensiones</subfield>
</datafield>
<datafield ind1=" " ind2=" " tag="653">
<subfield code="a">Fisuras elípticas</subfield>
</datafield>
<datafield ind1=" " ind2=" " tag="653">
<subfield code="a">Fatigue crack growth</subfield>
</datafield>
<datafield ind1=" " ind2=" " tag="653">
<subfield code="a">Stress intensity factors</subfield>
</datafield>
<datafield ind1=" " ind2=" " tag="653">
<subfield code="a">Embedded cracks in round bars</subfield>
</datafield>
<datafield ind1=" " ind2=" " tag="653">
<subfield code="a">Additive manufacturing</subfield>
</datafield>
<datafield tag="245" ind1="0" ind2="0">
<subfield code="a">Conjunto de ecuaciones para el cálculo del factor de intensidad de tensiones en fisuras internas de barras cilíndricas sometidas a tracción</subfield>
</datafield>
</record></metadata></record></GetRecord></OAI-PMH>